Los no lugares, espacios del anonimato. Una antropología de la sobremodernidad

Bewaard in:
Bibliografische gegevens
Hoofdauteur: Augé, Marc (Auteur)
Formaat: Boek
Taal:Spaans
Gepubliceerd in: Barcelona, España Gedisa 1994
Reeks:Sociología. Comunicación
Onderwerpen:
Online toegang:Disponible Online
Tags: Voeg label toe
Geen labels, Wees de eerste die dit record labelt!

MARC

LEADER 00000cam a2200000 a 4500
001 UCY1463
003 CL-VaPUC
005 20240125113204.0
008 940905e19940000SP |||||||||||||||||spa|d
999 |c 230157  |d 230155 
020 |a 8474324599 
040 |c Pontificia Universidad Católica de Valparaíso 
082 0 4 |a 301 AUG 1994  |b    |2 21 
100 0 |a Augé, Marc  |e author  |9 329448 
245 1 4 |a Los no lugares, espacios del anonimato.  |b Una antropología de la sobremodernidad 
260 |a Barcelona, España   |b Gedisa  |c 1994 
300 |a 125 páginas  
440 |a Sociología. Comunicación  |9 860885 
583 |a last modification  |c 20130408 11:45:27  |k Rodrigo Vera 
650 0 |a Antropología cultural y social   |9 265143 
856 |u http://bibliografiadigital.pucv.cl.pucv.idm.oclc.org/index.php/bibliotecapucv/catalog/book/420  |y Disponible Online  
942 |c BK  |2 ddc 
945 |d 19940905 00:00:00  |a rbrito 
952 |0 0  |1 0  |4 0  |6 301_000000000000000_AUG_1994  |7 0  |8 A  |9 232195  |a BIBEDU  |b BIBEDU  |d 2019-11-15  |i 395983K  |l 3  |o 301 AUG 1994  |p 395983K  |r 2025-04-29  |s 2025-04-07  |w 2019-11-15  |y BK  |k FIL 
952 |0 0  |1 0  |4 0  |6 301_000000000000000_AUG_1994  |7 0  |8 A  |9 232196  |a BIBING  |b BIBING  |d 2019-11-15  |i 4962532  |o 301 AUG 1994  |p 4962532  |r 2025-01-20  |w 2019-11-15  |y BK  |k GEO